| 000 | 00991nam a2200301 a 4500 | ||
|---|---|---|---|
| 001 | 66368 | ||
| 003 | BD-RjUL | ||
| 005 | 20211209081532.0 | ||
| 008 | 170315s1984 cau b 001 0 eng | ||
| 020 | _a0803923066 | ||
| 020 | _a0803923074 (pbk.) | ||
| 035 | _a(BD-RjUL)66498 | ||
| 040 |
_aDLC _cDLC _dDLC _dBD-RjUL _beng |
||
| 041 | _aeng | ||
| 082 | 0 | 0 |
_a153.6 _223 _bSPI 1984 |
| 100 | 1 |
_aSpitzberg, Brian H. _9196409 |
|
| 245 | 1 | 0 |
_aInterpersonal communication competence / _cBrian H. Spitzberg & William R. Cupach. |
| 260 |
_aBeverly Hills : _bSage Publications, _cc1984. |
||
| 300 |
_a247 p. ; _c23 cm. |
||
| 500 | _aIncludes indexes. | ||
| 504 | _aBibliography: p. 191-236. | ||
| 650 | 0 |
_aInterpersonal communication. _9170650 |
|
| 650 | 0 |
_aCommunicative competence. _9182291 |
|
| 700 | 1 |
_aCupach, William R. _9196411 |
|
| 856 | 4 | 2 |
_3Sage series in interpersonal communication ; _uv. 4 |
| 942 |
_2ddc _cAVM |
||
| 999 |
_c66368 _d66368 |
||